[Event "Wch U12"]
[Site "Heraklion"]
[Date "2004.11.12"]
[Round "10"]
[White "Shimanov, Aleksandr"]
[Black "Caruana, Fabiano"]
[Result "0-1"]
[WhiteElo "2234"]
[BlackElo "2196"]
[PlyCount "90"]
[EventDate "2004.11.04"]
[EventType "swiss"]
[EventRounds "11"]
[EventCountry "GRE"]
[SourceTitle "EXT 2005"]
[Source "ChessBase"]
[SourceDate "2004.11.15"]
[SourceVersion "1"]
[SourceVersionDate "2004.11.15"]
[SourceQuality "1"]

1. d4 Nf6 2. c4 g6 3. Nc3 d5 4. e3 Bg7 5. Qb3 dxc4 6. Bxc4 O-O 7. Nf3 Nc6 8.
Ne5 Nxe5 9. dxe5 Nd7 10. Bxf7+ Kh8 11. Bd5 c6 12. Be4 Nc5 13. Qc4 b6 14. b4 Ba6
15. Qd4 Nxe4 16. Nxe4 Qc7 17. f4 Rad8 18. Qc3 Qd7 19. Nf2 Qd5 20. Rg1 Qb5 21.
Qb2 Rd7 22. a4 Qc4 23. Ra3 Rfd8 24. Rc3 Qe6 25. Qc2 c5 26. bxc5 bxc5 27. Rxc5
Qb6 28. Nh3 Qb4+ 29. Qc3 Qxa4 30. Kf2 Qa2+ 31. Qc2 Rd2+ 32. Bxd2 Rxd2+ 33. Qxd2
Qxd2+ 34. Kf3 Be2+ 35. Kf2 Bh5+ 36. Kg3 Qxe3+ 37. Kh4 Qxc5 38. Rb1 Qc8 39. Nf2
Bh6 40. Rb4 Qc5 41. Rb8+ Kg7 42. Ne4 Qe3 43. g3 Qxe4 44. Re8 Qf5 45. h3 g5+ 0-1

[Event "Wch U12"]
[Site "Heraklion"]
[Date "2004.11.13"]
[Round "11"]
[White "Ding, Liren"]
[Black "Caruana, Fabiano"]
[Result "1-0"]
[WhiteElo "2231"]
[BlackElo "2196"]
[PlyCount "73"]
[EventDate "2004.11.04"]
[EventType "swiss"]
[EventRounds "11"]
[EventCountry "GRE"]
[SourceTitle "EXT 2005"]
[Source "ChessBase"]
[SourceDate "2004.11.15"]
[SourceVersion "1"]
[SourceVersionDate "2004.11.15"]
[SourceQuality "1"]

1. Nf3 Nf6 2. g3 g6 3. Bg2 Bg7 4. O-O O-O 5. c4 d5 6. d4 dxc4 7. Na3 c6 8. Nxc4
Be6 9. Qc2 Na6 10. a3 c5 11. Nfe5 Bd5 12. e4 Bxc4 13. Nxc4 cxd4 14. e5 Nd5 15.
Qe4 Nb6 16. Nxb6 Qxb6 17. Qxb7 Rab8 18. Qxb6 Rxb6 19. f4 Nc5 20. b4 Nb3 21. Rb1
Nxc1 22. Rfxc1 f6 23. Rc7 fxe5 24. Rxe7 exf4 25. gxf4 Ra6 26. Rc1 d3 27. Bd5+
Kh8 28. Rcc7 d2 29. Bb3 d1=Q+ 30. Bxd1 Bd4+ 31. Kg2 Rxa3 32. Rxh7+ Kg8 33. Rhd7
Rc3 34. Rb7 Rd3 35. Bg4 Rd2+ 36. Kh1 Re8 37. Be6+ 1-0

[Event "Budapest FS02 IM-A"]
[Site "Budapest"]
[Date "2005.02.06"]
[Round "2"]
[White "Caruana, Fabiano"]
[Black "Fodor, Tamas Jr"]
[Result "1/2-1/2"]
[WhiteElo "2219"]
[BlackElo "2226"]
[PlyCount "113"]
[EventDate "2005.02.05"]
[EventType "tourn"]
[EventRounds "11"]
[EventCountry "HUN"]
[EventCategory "1"]
[SourceTitle "CBM 104 Extra"]
[Source "ChessBase"]
[SourceDate "2005.03.01"]
[SourceVersion "1"]
[SourceVersionDate "2005.03.01"]
[SourceQuality "1"]

1. e4 e6 2. d4 d5 3. Nc3 Bb4 4. e5 c5 5. a3 Bxc3+ 6. bxc3 Ne7 7. Qg4 Qc7 8.
Qxg7 Rg8 9. Qxh7 cxd4 10. Ne2 Nbc6 11. f4 Bd7 12. Qd3 dxc3 13. Rb1 d4 14. Nxd4
Nxd4 15. Qxd4 Nf5 16. Qf2 Bc6 17. Bb5 Bxb5 18. Rxb5 Qc6 19. Rc5 Qe4+ 20. Qe2
Qxg2 21. Qxg2 Rxg2 22. Rxc3 Nd4 23. Kf1 Rxc2 24. Rxc2 Nxc2 25. f5 exf5 26. h4
Nd4 27. Bg5 Ne6 28. Bf6 Rc8 29. Ke2 Nf4+ 30. Kd2 Nh5 31. Bg5 Kd7 32. Rg1 Ke6
33. Be3 Kxe5 34. Bxa7 Nf6 35. Rb1 Rd8+ 36. Ke2 Rd7 37. Bb8+ Ke6 38. Rb6+ Ke7
39. Be5 Ne4 40. Ke3 f6 41. Ba1 Kf7 42. h5 Nd6 43. Kf4 Ke6 44. Bc3 Kf7 45. a4
Kg7 46. Bb4 Nc4 47. Rb5 b6 48. Kxf5 Rd4 49. Ke6 Rd3 50. Be7 Re3+ 51. Kd7 Kf7
52. Bd8 Ra3 53. Rb4 Ne5+ 54. Kc7 Rc3+ 55. Kxb6 Nc6 56. Bxf6 Kxf6 57. Rb5
1/2-1/2

[Event "Budapest FS02 IM-A"]
[Site "Budapest"]
[Date "2005.02.07"]
[Round "3"]
[White "Martini, Balazs"]
[Black "Caruana, Fabiano"]
[Result "0-1"]
[WhiteElo "2333"]
[BlackElo "2219"]
[PlyCount "56"]
[EventDate "2005.02.05"]
[EventType "tourn"]
[EventRounds "11"]
[EventCountry "HUN"]
[EventCategory "1"]
[SourceTitle "CBM 104 Extra"]
[Source "ChessBase"]
[SourceDate "2005.03.01"]
[SourceVersion "1"]
[SourceVersionDate "2005.03.01"]
[SourceQuality "1"]

1. d4 Nf6 2. Nf3 g6 3. Bf4 Bg7 4. e3 O-O 5. Be2 d6 6. O-O Nfd7 7. h3 Nc6 8. c3
e5 9. Bh2 a6 10. a4 Qe7 11. Nbd2 f5 12. dxe5 dxe5 13. b4 Kh8 14. Nb3 e4 15.
Nfd4 Nce5 16. Qc1 c6 17. Rb1 g5 18. c4 Ng6 19. c5 f4 20. Bh5 Nde5 21. Qc2 Nd3
22. Nc1 Nge5 23. Nxd3 Nxd3 24. Qc4 Qf6 25. f3 fxe3 26. fxe4 Nf4 27. Nf5 Bxf5
28. exf5 Nxh5 0-1

[Event "Budapest FS02 IM-A"]
[Site "Budapest"]
[Date "2005.02.08"]
[Round "4"]
[White "Caruana, Fabiano"]
[Black "Jakab, Attila"]
[Result "0-1"]
[WhiteElo "2219"]
[BlackElo "2439"]
[PlyCount "46"]
[EventDate "2005.02.05"]
[EventType "tourn"]
[EventRounds "11"]
[EventCountry "HUN"]
[EventCategory "1"]
[SourceTitle "CBM 104 Extra"]
[Source "ChessBase"]
[SourceDate "2005.03.01"]
[SourceVersion "1"]
[SourceVersionDate "2005.03.01"]
[SourceQuality "1"]

1. e4 c5 2. Nf3 g6 3. d4 Bg7 4. dxc5 Qa5+ 5. c3 Qxc5 6. Be3 Qc7 7. Bd4 Nf6 8.
e5 Nh5 9. Qd2 f6 10. exf6 Nxf6 11. Bd3 Nc6 12. Be3 d5 13. Bh6 O-O 14. Bxg7 Kxg7
15. O-O e5 16. Be2 Be6 17. Na3 Bg8 18. Nc2 Rad8 19. h3 Nh5 20. g3 d4 21. Nfe1
d3 22. Bxh5 dxc2 23. Qg5 Rf5 0-1

[Event "Budapest FS02 IM-A"]
[Site "Budapest"]
[Date "2005.02.09"]
[Round "5"]
[White "Werner, Dimo"]
[Black "Caruana, Fabiano"]
[Result "1-0"]
[WhiteElo "2312"]
[BlackElo "2219"]
[PlyCount "149"]
[EventDate "2005.02.05"]
[EventType "tourn"]
[EventRounds "11"]
[EventCountry "HUN"]
[EventCategory "1"]
[SourceTitle "CBM 104 Extra"]
[Source "ChessBase"]
[SourceDate "2005.03.01"]
[SourceVersion "1"]
[SourceVersionDate "2005.03.01"]
[SourceQuality "1"]

1. Nf3 Nf6 2. g3 g6 3. Bg2 Bg7 4. O-O O-O 5. d3 d5 6. Nbd2 c5 7. e4 Nc6 8. Re1
b6 9. c3 e5 10. exd5 Nxd5 11. Nc4 Re8 12. a4 Bb7 13. Qb3 h6 14. a5 Rb8 15. Nfd2
Nxa5 16. Nxa5 bxa5 17. Qa2 Nb6 18. Bxb7 Rxb7 19. Ne4 Rc7 20. Qxa5 Qxd3 21. Nxc5
Qc4 22. Be3 f5 23. Na6 Rf7 24. Nb4 f4 25. Bxb6 axb6 26. Qd5 Qc7 27. Qe4 Qd6 28.
Qc6 Re6 29. Qa8+ Rf8 30. Qa2 Kh7 31. Rad1 fxg3 32. hxg3 Qc5 33. Nd3 Qc6 34. Re3
e4 35. Nf4 Ree8 36. Qa7 Qf6 37. Rd2 h5 38. Qc7 Rf7 39. Qd6 Qf5 40. Ng2 Bh6 41.
f4 Re6 42. Qd5 Bf8 43. Qxf5 gxf5 44. b4 Be7 45. Kh2 Rg6 46. Rd7 Kg7 47. Re2 Rc6
48. Ne3 Kg6 49. Red2 Re6 50. R2d5 Bf6 51. Rxf7 Kxf7 52. Rxf5 Kg6 53. Rb5 Rc6
54. Nd5 Bd8 55. Kh3 Kf7 56. g4 e3 57. Nxe3 Rxc3 58. Re5 Bc7 59. Re4 Kg6 60. Kh4
hxg4 61. Kxg4 Rd3 62. Re6+ Kf7 63. Rc6 Bd8 64. Nc4 Rd4 65. Kf5 b5 66. Ne5+ Kg7
67. Rc1 Bb6 68. Rc6 Bd8 69. Rc2 Bb6 70. Rg2+ Kh7 71. Nc6 Rc4 72. Ne7 Bd8 73.
Nd5 Kh8 74. Ke6 Re4+ 75. Kf7 1-0

[Event "Budapest FS02 IM-A"]
[Site "Budapest"]
[Date "2005.02.12"]
[Round "8"]
[White "Caruana, Fabiano"]
[Black "Ignacz, Maria"]
[Result "1/2-1/2"]
[WhiteElo "2219"]
[BlackElo "2187"]
[PlyCount "64"]
[EventDate "2005.02.05"]
[EventType "tourn"]
[EventRounds "11"]
[EventCountry "HUN"]
[EventCategory "1"]
[SourceTitle "CBM 104 Extra"]
[Source "ChessBase"]
[SourceDate "2005.03.01"]
[SourceVersion "1"]
[SourceVersionDate "2005.03.01"]
[SourceQuality "1"]

1. e4 c5 2. Nf3 a6 3. c3 d5 4. exd5 Qxd5 5. d4 Nf6 6. Be2 e6 7. O-O Be7 8. c4
Qd6 9. b3 cxd4 10. Ba3 Qc7 11. Bxe7 Qxe7 12. Qxd4 Nbd7 13. Nc3 O-O 14. Ne5 Nxe5
15. Qxe5 Bd7 16. Bf3 Rab8 17. Rad1 Rfd8 18. Rd4 Bc6 19. Bxc6 bxc6 20. Rfd1 h6
21. h3 Rbc8 22. Na4 Rxd4 23. Rxd4 Qa3 24. Qe2 Qc1+ 25. Rd1 Qg5 26. Qf3 Qe5 27.
Nb6 Rc7 28. Rd8+ Kh7 29. Qd3+ g6 30. Qd6 Qe1+ 31. Kh2 Qxf2 32. Qxc7 Ng4+
1/2-1/2

[Event "Budapest FS02 IM-A"]
[Site "Budapest"]
[Date "2005.02.13"]
[Round "9"]
[White "Farago, Sandor"]
[Black "Caruana, Fabiano"]
[Result "0-1"]
[WhiteElo "2290"]
[BlackElo "2219"]
[PlyCount "60"]
[EventDate "2005.02.05"]
[EventType "tourn"]
[EventRounds "11"]
[EventCountry "HUN"]
[EventCategory "1"]
[SourceTitle "CBM 104 Extra"]
[Source "ChessBase"]
[SourceDate "2005.03.01"]
[SourceVersion "1"]
[SourceVersionDate "2005.03.01"]
[SourceQuality "1"]

1. e4 c5 2. Nf3 Nc6 3. d4 cxd4 4. Nxd4 Nf6 5. Nc3 e5 6. Ndb5 d6 7. a4 Be7 8.
Be2 O-O 9. g4 a6 10. Na3 Nd4 11. g5 Ne8 12. h4 b5 13. axb5 axb5 14. Bxb5 Nxb5
15. Ncxb5 Bb7 16. Nc3 f5 17. gxf6 Nxf6 18. Rg1 d5 19. exd5 Bc5 20. Be3 Bxe3 21.
fxe3 Nxd5 22. Qg4 Qe7 23. Nxd5 Bxd5 24. Qg5 Qc7 25. O-O-O Be4 26. Rd2 g6 27.
Qg4 Qc4 28. h5 Rxa3 29. bxa3 Qa2 30. Rh2 Rd8 0-1

[Event "Budapest FS02 IM-A"]
[Site "Budapest"]
[Date "2005.02.14"]
[Round "10"]
[White "Caruana, Fabiano"]
[Black "Stupavski, Zdenko"]
[Result "1/2-1/2"]
[WhiteElo "2219"]
[BlackElo "2313"]
[PlyCount "52"]
[EventDate "2005.02.05"]
[EventType "tourn"]
[EventRounds "11"]
[EventCountry "HUN"]
[EventCategory "1"]
[SourceTitle "CBM 104 Extra"]
[Source "ChessBase"]
[SourceDate "2005.03.01"]
[SourceVersion "1"]
[SourceVersionDate "2005.03.01"]
[SourceQuality "1"]

1. e4 c5 2. Nf3 d6 3. d4 cxd4 4. Qxd4 a6 5. Be3 Nc6 6. Qd2 Nf6 7. Nc3 e6 8.
O-O-O Qc7 9. Bf4 Ng4 10. Bg3 Be7 11. Nd4 Nxd4 12. Qxd4 O-O 13. f4 Rd8 14. Be2
Nf6 15. Bf3 Bd7 16. e5 dxe5 17. fxe5 Ne8 18. Nd5 exd5 19. e6 Bg5+ 20. Kb1 Qa5
21. Be1 Qb5 22. a4 Qxa4 23. exf7+ Kxf7 24. Bxd5+ Kg6 25. Be4+ Kf7 26. Bd5+ Kg6
1/2-1/2

[Event "Budapest FS02 IM-A"]
[Site "Budapest"]
[Date "2005.02.15"]
[Round "11"]
[White "Pap, Gyula"]
[Black "Caruana, Fabiano"]
[Result "1/2-1/2"]
[WhiteElo "2371"]
[BlackElo "2219"]
[PlyCount "66"]
[EventDate "2005.02.05"]
[EventType "tourn"]
[EventRounds "11"]
[EventCountry "HUN"]
[EventCategory "1"]
[SourceTitle "CBM 104 Extra"]
[Source "ChessBase"]
[SourceDate "2005.03.01"]
[SourceVersion "1"]
[SourceVersionDate "2005.03.01"]
[SourceQuality "1"]

1. d4 Nf6 2. c4 g6 3. Nc3 d5 4. cxd5 Nxd5 5. Bd2 Bg7 6. e4 Nb6 7. Be3 O-O 8.
Bb5 Bd7 9. Be2 Nc6 10. f4 Na5 11. Nf3 Nac4 12. Bxc4 Nxc4 13. Qe2 Nxe3 14. Qxe3
b5 15. O-O b4 16. Ne2 Bb5 17. Rfd1 Qc8 18. e5 Bh6 19. d5 Rd8 20. Ng3 Qg4 21.
Qc5 a6 22. Qxb4 Bxf4 23. Qxe7 Rd7 24. Qc5 Bxg3 25. hxg3 Be2 26. e6 Bxf3 27.
exd7 Bxd1 28. Qxc7 Qd4+ 29. Kh2 Qxd5 30. Qc8+ Kg7 31. Qc3+ Kg8 32. Qc8+ Kg7 33.
Qc3+ Kg8 1/2-1/2

[Event "Madrid-ch"]
[Site "Madrid"]
[Date "2005.03.02"]
[Round "1"]
[White "Ballesteros Gonzalez, David"]
[Black "Caruana, Fabiano"]
[Result "0-1"]
[WhiteElo "2247"]
[BlackElo "2219"]
[PlyCount "114"]
[EventDate "2005.03.02"]
[EventType "tourn"]
[EventRounds "11"]
[EventCountry "ESP"]
[SourceTitle "CBM 105 Extra"]
[Source "ChessBase"]
[SourceDate "2005.05.01"]
[SourceVersion "1"]
[SourceVersionDate "2005.05.01"]
[SourceQuality "1"]

1. d4 Nf6 2. c4 g6 3. Nf3 Bg7 4. Nc3 d5 5. Bf4 O-O 6. e3 c5 7. dxc5 Qa5 8. Nd2
dxc4 9. Bxc4 Qxc5 10. Rc1 e5 11. Bg5 Qd6 12. Nb5 Qd7 13. O-O Nc6 14. Bxf6 Bxf6
15. Ne4 Be7 16. Nbd6 Kg7 17. Bb5 Rd8 18. Bxc6 bxc6 19. Nxc8 Raxc8 20. Qa4 Qb7
21. b3 Rd5 22. h3 Bb4 23. Rc4 a5 24. Rfc1 Rb5 25. Nc3 Qa6 26. a3 Be7 27. Ne4
Qb6 28. R4c3 Bb4 29. Rd3 Rc7 30. Kh2 Be7 31. Rdc3 Bb4 32. Rc4 Be7 33. R1c3 f5
34. Nd2 e4 35. Rc1 Bd6+ 36. Kh1 Rd5 37. Rd4 Rxd4 38. exd4 Bf4 39. Rc2 Rd7 40.
g3 e3 41. gxf4 Rxd4 42. Nc4 exf2 43. Rxf2 Rxc4 44. Qxc4 Qxf2 45. Qxc6 Qxf4 46.
Qd7+ Kh6 47. Qf7 Qg3 48. Qd5 Qxh3+ 49. Kg1 Qe3+ 50. Kh2 f4 51. Qf7 Qf2+ 52. Kh1
Qf3+ 53. Kh2 Qg3+ 54. Kh1 f3 55. Qf8+ Kh5 56. Qc5+ g5 57. Qc2 Qe1+ 0-1

[Event "Madrid-ch"]
[Site "Madrid"]
[Date "2005.03.03"]
[Round "2"]
[White "Roa Alonso, Santiago"]
[Black "Caruana, Fabiano"]
[Result "1/2-1/2"]
[WhiteElo "2360"]
[BlackElo "2219"]
[PlyCount "64"]
[EventDate "2005.03.02"]
[EventType "tourn"]
[EventRounds "11"]
[EventCountry "ESP"]
[SourceTitle "CBM 105 Extra"]
[Source "ChessBase"]
[SourceDate "2005.05.01"]
[SourceVersion "1"]
[SourceVersionDate "2005.05.01"]
[SourceQuality "1"]

1. e4 c5 2. Nf3 Nc6 3. d4 cxd4 4. Nxd4 Nf6 5. Nc3 e5 6. Ndb5 d6 7. Nd5 Nxd5 8.
exd5 Ne7 9. c3 Ng6 10. h4 Be7 11. h5 Nh4 12. g3 Nf5 13. Bd3 a6 14. Na3 b5 15.
Nc2 Nh6 16. Bxh6 gxh6 17. Qf3 f5 18. Bxf5 Rf8 19. Ne3 Bg5 20. g4 Qf6 21. Rf1 b4
22. Rc1 Rb8 23. c4 Qd8 24. b3 Bxf5 25. gxf5 Qa5 26. Rc2 Qc5 27. Qe4 Qd4 28. Qf3
Kd7 29. Qh3 Rf6 30. Ke2 Rc8 31. Rd1 Qf4 32. Rg1 Qd4 1/2-1/2

[Event "Madrid-ch"]
[Site "Madrid"]
[Date "2005.03.04"]
[Round "3"]
[White "Caruana, Fabiano"]
[Black "Moreno Ruiz, Javier"]
[Result "0-1"]
[WhiteElo "2219"]
[BlackElo "2485"]
[PlyCount "120"]
[EventDate "2005.03.02"]
[EventType "tourn"]
[EventRounds "11"]
[EventCountry "ESP"]
[SourceTitle "CBM 105 Extra"]
[Source "ChessBase"]
[SourceDate "2005.05.01"]
[SourceVersion "1"]
[SourceVersionDate "2005.05.01"]
[SourceQuality "1"]

1. e4 e5 2. Nf3 Nc6 3. Bc4 Bc5 4. c3 Nf6 5. d3 d6 6. O-O O-O 7. h3 h6 8. Nbd2
a6 9. Re1 Ba7 10. Bb3 Be6 11. Nf1 Re8 12. Bxe6 Rxe6 13. Ng3 d5 14. Qe2 Qd7 15.
Nf5 Rd8 16. Be3 Bxe3 17. Qxe3 dxe4 18. dxe4 Qd3 19. Rad1 Qxd1 20. Rxd1 Rxd1+
21. Kh2 Rd8 22. g4 Nh7 23. b4 Nf8 24. a4 Rd7 25. b5 axb5 26. axb5 Nd8 27. g5 h5
28. Ne1 Ng6 29. Nd3 b6 30. Nb4 Nf4 31. c4 Rd1 32. Qf3 Rd2 33. Nd5 Rd3 34. Nfe3
Nb7 35. Nxf4 exf4 36. Qxf4 Nc5 37. f3 Nd7 38. Nd5 Ne5 39. Kg2 Rxf3 40. Qxf3
Nxf3 41. Kxf3 Re8 42. Ke3 Ra8 43. Kd4 h4 44. Nxc7 Ra3 45. c5 bxc5+ 46. Kc4 Rxh3
47. b6 Rh1 48. Nb5 Rd1 49. Kxc5 Rd8 50. Nd4 h3 51. Nf3 Kh7 52. Kc6 Kg6 53. Kc7
Re8 54. e5 Kf5 55. b7 g6 56. b8=Q Rxb8 57. Kxb8 Kf4 58. Nh2 Kxg5 59. Kc7 Kf4
60. Kd6 g5 0-1

[Event "Madrid-ch"]
[Site "Madrid"]
[Date "2005.03.08"]
[Round "4"]
[White "Franco Alonso, Alejandro"]
[Black "Caruana, Fabiano"]
[Result "1/2-1/2"]
[WhiteElo "2387"]
[BlackElo "2219"]
[PlyCount "47"]
[EventDate "2005.03.02"]
[EventType "tourn"]
[EventRounds "11"]
[EventCountry "ESP"]
[SourceTitle "CBM 105 Extra"]
[Source "ChessBase"]
[SourceDate "2005.05.01"]
[SourceVersion "1"]
[SourceVersionDate "2005.05.01"]
[SourceQuality "1"]

1. d4 Nf6 2. c4 g6 3. Nc3 d5 4. cxd5 Nxd5 5. e4 Nxc3 6. bxc3 Bg7 7. Nf3 O-O 8.
Be3 c5 9. Qd2 Qa5 10. Rc1 Nc6 11. d5 Rd8 12. Bd3 Ne5 13. Nxe5 Bxe5 14. f4 Bg7
15. c4 Qxd2+ 16. Kxd2 b6 17. Ke2 e6 18. Rhe1 Kh8 19. Bf2 exd5 20. exd5 Bd7 21.
Kf3 Re8 22. Bh4 Bb2 23. Rxe8+ Rxe8 24. Re1 1/2-1/2

[Event "Madrid-ch"]
[Site "Madrid"]
[Date "2005.03.09"]
[Round "5"]
[White "Caruana, Fabiano"]
[Black "Almagro Llamas, Pablo"]
[Result "1-0"]
[WhiteElo "2219"]
[BlackElo "2350"]
[PlyCount "117"]
[EventDate "2005.03.02"]
[EventType "tourn"]
[EventRounds "11"]
[EventCountry "ESP"]
[SourceTitle "CBM 105 Extra"]
[Source "ChessBase"]
[SourceDate "2005.05.01"]
[SourceVersion "1"]
[SourceVersionDate "2005.05.01"]
[SourceQuality "1"]

1. e4 c6 2. d4 d5 3. Nd2 dxe4 4. Nxe4 Bf5 5. Ng3 Bg6 6. h4 h6 7. Nf3 e6 8. Ne5
Bh7 9. Bd3 Bxd3 10. Qxd3 Nf6 11. Bd2 Bd6 12. f4 Nbd7 13. O-O-O Qc7 14. Rhe1 O-O
15. Qf3 Rac8 16. Nc4 c5 17. Nxd6 Qxd6 18. dxc5 Qxc5 19. Qb3 Qc6 20. Bc3 Nc5 21.
Qa3 Nce4 22. Ne2 Nxc3 23. Nxc3 Nd5 24. Rd2 Nxc3 25. Qxc3 Qa4 26. Qb3 Qxf4 27.
g3 Qb8 28. Red1 Rc7 29. g4 Rc6 30. Qe3 Rfc8 31. g5 Qc7 32. c3 Qa5 33. Kb1 h5
34. Rd7 Qf5+ 35. Ka1 Rb6 36. Qe2 Qg6 37. Qf3 e5 38. Re7 Re6 39. Qxb7 Re8 40.
Rxe8+ Rxe8 41. Qxa7 Qc2 42. Rf1 Qg6 43. Qe3 e4 44. a3 Qe6 45. Rc1 Qb3 46. Re1
Rb8 47. Qd2 Re8 48. Qd4 Qe6 49. Re3 Qg4 50. c4 Qxh4 51. c5 Qf4 52. c6 h4 53.
Rc3 h3 54. Qd7 Rf8 55. Qxh3 Qc7 56. g6 fxg6 57. Qe6+ Qf7 58. Qxe4 Re8 59. Qc4
1-0

[Event "Madrid-ch"]
[Site "Madrid"]
[Date "2005.03.10"]
[Round "6"]
[White "Salgado Lopez, Oscar"]
[Black "Caruana, Fabiano"]
[Result "1/2-1/2"]
[WhiteElo "2138"]
[BlackElo "2219"]
[PlyCount "84"]
[EventDate "2005.03.02"]
[EventType "tourn"]
[EventRounds "11"]
[EventCountry "ESP"]
[SourceTitle "CBM 105 Extra"]
[Source "ChessBase"]
[SourceDate "2005.05.01"]
[SourceVersion "1"]
[SourceVersionDate "2005.05.01"]
[SourceQuality "1"]

1. e4 c5 2. Nf3 Nc6 3. d4 cxd4 4. Nxd4 Nf6 5. Nc3 e5 6. Ndb5 d6 7. Bg5 a6 8.
Na3 b5 9. Nd5 Be7 10. Bxf6 Bxf6 11. c3 Ne7 12. Nxf6+ gxf6 13. Bd3 d5 14. exd5
Qxd5 15. Qe2 Bb7 16. f3 Qc5 17. Qf2 Qxf2+ 18. Kxf2 O-O-O 19. Rhd1 f5 20. Bc2 f4
21. Bb3 f6 22. Nc2 Kc7 23. c4 bxc4 24. Bxc4 Kb6 25. Rac1 f5 26. g3 fxg3+ 27.
hxg3 h5 28. Ne3 f4 29. gxf4 exf4 30. Ng2 Ng6 31. Rd3 Ne5 32. Rb3+ Ka7 33. Be2
Rd7 34. Nxf4 h4 35. Rc5 Nc6 36. Rh5 Rxh5 37. Nxh5 Nd4 38. Rd3 h3 39. Ng3 Rd5
40. Bf1 Nxf3 41. Rxd5 Bxd5 42. Bxh3 Ng5 1/2-1/2

[Event "Madrid-ch"]
[Site "Madrid"]
[Date "2005.03.11"]
[Round "7"]
[White "Caruana, Fabiano"]
[Black "Barez Menendez, Hector"]
[Result "1-0"]
[WhiteElo "2219"]
[BlackElo "2206"]
[PlyCount "75"]
[EventDate "2005.03.02"]
[EventType "tourn"]
[EventRounds "11"]
[EventCountry "ESP"]
[SourceTitle "CBM 105 Extra"]
[Source "ChessBase"]
[SourceDate "2005.05.01"]
[SourceVersion "1"]
[SourceVersionDate "2005.05.01"]
[SourceQuality "1"]

1. e4 e5 2. Bc4 Nf6 3. d3 c6 4. Nf3 Be7 5. O-O d6 6. c3 O-O 7. Bb3 Bg4 8. h3
Bh5 9. Nbd2 Nbd7 10. Re1 Nc5 11. Bc2 Ne6 12. Nf1 Nd7 13. Ng3 Bxf3 14. Qxf3 Bg5
15. Nf5 Bxc1 16. Raxc1 Nf6 17. d4 Qb6 18. Nxd6 exd4 19. Bb3 dxc3 20. Nxf7 Nd4
21. Ng5+ Qxb3 22. axb3 Nxf3+ 23. Nxf3 cxb2 24. Rb1 Rae8 25. Nd2 Rd8 26. Rxb2
Rd4 27. f3 Nh5 28. Nc4 Rfd8 29. Ra2 a6 30. e5 Rd1 31. Rxd1 Rxd1+ 32. Kf2 Rb1
33. Rd2 Rxb3 34. e6 Kf8 35. Rd7 Nf6 36. Rf7+ Ke8 37. Nd6+ Kd8 38. e7+ 1-0

[Event "Madrid-ch"]
[Site "Madrid"]
[Date "2005.03.15"]
[Round "8"]
[White "Alvarez Abejon, Amilcar"]
[Black "Caruana, Fabiano"]
[Result "0-1"]
[WhiteElo "2129"]
[BlackElo "2219"]
[PlyCount "60"]
[EventDate "2005.03.02"]
[EventType "tourn"]
[EventRounds "11"]
[EventCountry "ESP"]
[SourceTitle "CBM 105 Extra"]
[Source "ChessBase"]
[SourceDate "2005.05.01"]
[SourceVersion "1"]
[SourceVersionDate "2005.05.01"]
[SourceQuality "1"]

1. d4 Nf6 2. c4 g6 3. Nc3 d5 4. Nf3 Bg7 5. Qa4+ Bd7 6. Qb3 dxc4 7. Qxc4 Nc6 8.
d5 Na5 9. Qd3 c6 10. e4 cxd5 11. exd5 O-O 12. Bg5 Rc8 13. Qd2 b5 14. Bxf6 Bxf6
15. Be2 Nc4 16. Bxc4 Rxc4 17. O-O Bg4 18. Rfe1 Bxf3 19. gxf3 Rd4 20. Qe3 b4 21.
Ne4 Qxd5 22. Nxf6+ exf6 23. a3 b3 24. Rac1 Rd3 25. Qe4 Qg5+ 26. Kh1 Rd2 27. Qe3
Qxe3 28. Rxe3 Rxb2 29. Rcc3 Rb8 30. Rc7 Rxf2 0-1

[Event "Madrid-ch"]
[Site "Madrid"]
[Date "2005.03.16"]
[Round "9"]
[White "Caruana, Fabiano"]
[Black "De la Fuente Gonzalez, Francisco"]
[Result "1-0"]
[WhiteElo "2219"]
[BlackElo "2211"]
[PlyCount "77"]
[EventDate "2005.03.02"]
[EventType "tourn"]
[EventRounds "11"]
[EventCountry "ESP"]
[SourceTitle "CBM 105 Extra"]
[Source "ChessBase"]
[SourceDate "2005.05.01"]
[SourceVersion "1"]
[SourceVersionDate "2005.05.01"]
[SourceQuality "1"]

1. e4 e5 2. Bc4 Nf6 3. d3 c6 4. Nf3 Be7 5. O-O d6 6. c3 O-O 7. Bb3 Bg4 8. Nbd2
Nbd7 9. h3 Bh5 10. Re1 Nc5 11. Bc2 Ne6 12. Nf1 Nd7 13. Ng3 Bxf3 14. Qxf3 g6 15.
Bh6 Re8 16. Rad1 Bg5 17. Bxg5 Qxg5 18. d4 Nf6 19. Nf1 Rad8 20. Bb3 Nf4 21. Ne3
Nxe4 22. dxe5 d5 23. h4 Qxe5 24. Ng4 Qc7 25. g3 Ne6 26. Rxe4 dxe4 27. Rxd8 Rxd8
28. Qf6 e3 29. Bxe6 exf2+ 30. Kxf2 Rd2+ 31. Ke3 Qxg3+ 32. Kxd2 Qd6+ 33. Ke3
Qxe6+ 34. Qxe6 fxe6 35. Ke4 h5 36. Nf6+ Kf7 37. Nh7 Kg7 38. Ng5 Kf6 39. Kf4 1-0

[Event "Madrid-ch"]
[Site "Madrid"]
[Date "2005.03.17"]
[Round "10"]
[White "Cortes Jurado, Rafael"]
[Black "Caruana, Fabiano"]
[Result "0-1"]
[WhiteElo "2091"]
[BlackElo "2219"]
[PlyCount "64"]
[EventDate "2005.03.02"]
[EventType "tourn"]
[EventRounds "11"]
[EventCountry "ESP"]
[SourceTitle "CBM 105 Extra"]
[Source "ChessBase"]
[SourceDate "2005.05.01"]
[SourceVersion "1"]
[SourceVersionDate "2005.05.01"]
[SourceQuality "1"]

1. e4 c5 2. Nf3 Nc6 3. d4 cxd4 4. Nxd4 Nf6 5. Nc3 e5 6. Ndb5 d6 7. Bg5 a6 8.
Na3 b5 9. Bxf6 gxf6 10. Nd5 Bg7 11. c3 Ne7 12. Nxe7 Qxe7 13. Nc2 Bb7 14. Bd3 f5
15. Ne3 fxe4 16. Nf5 Qf6 17. Bxe4 d5 18. Bc2 Bf8 19. a4 b4 20. a5 O-O-O 21. Ng3
Kb8 22. O-O h5 23. Re1 h4 24. Nf1 Rg8 25. Qe2 e4 26. c4 b3 27. Bxb3 d4 28. c5
Bxc5 29. Qh5 e3 30. f3 Bxf3 31. Qxc5 Rxg2+ 32. Kh1 Rf2+ 0-1

[Event "Madrid-ch"]
[Site "Madrid"]
[Date "2005.03.18"]
[Round "11"]
[White "Caruana, Fabiano"]
[Black "Vazquez Igarza, Renier"]
[Result "0-1"]
[WhiteElo "2219"]
[BlackElo "2479"]
[PlyCount "92"]
[EventDate "2005.03.02"]
[EventType "tourn"]
[EventRounds "11"]
[EventCountry "ESP"]
[SourceTitle "CBM 105 Extra"]
[Source "ChessBase"]
[SourceDate "2005.05.01"]
[SourceVersion "1"]
[SourceVersionDate "2005.05.01"]
[SourceQuality "1"]

1. e4 c5 2. Nf3 Nc6 3. Bb5 e6 4. O-O Nge7 5. Nc3 a6 6. Bxc6 Nxc6 7. d4 cxd4 8.
Nxd4 Qc7 9. Be3 b5 10. Nb3 Ne5 11. Bf4 Bd6 12. Bg3 h5 13. Nd4 Rb8 14. Nf3 b4
15. Ne2 Nxf3+ 16. gxf3 e5 17. h4 Bc5 18. c3 a5 19. cxb4 axb4 20. Rc1 d6 21. Qc2
Ba6 22. Rfe1 Rc8 23. Qa4+ Qc6 24. Qxc6+ Rxc6 25. a3 Kd7 26. axb4 Bxb4 27. Rxc6
Kxc6 28. Nc3 Rb8 29. Rc1 Bxc3 30. Rxc3+ Kd7 31. b3 Rb4 32. Bh2 f6 33. f4 Rxe4
34. fxe5 Re1+ 35. Kg2 Bf1+ 36. Kg3 dxe5 37. Re3 Rb1 38. f4 Rb2 39. Re1 exf4+
40. Kxf4 Rxh2 41. Rxf1 Rxh4+ 42. Kf5 Rg4 43. Re1 Rg5+ 44. Kf4 Rb5 45. Re3 g5+
46. Kg3 Re5 0-1